[Event "World Team-ch Women 2017"]
[Site "Khanty-Mansyisk"]
[Date "2017.06.17"]
[Round "1"]
[White "Batsiashvili, Nino"]
[Black "Vijayalakshmi, Subbaraman"]
[Result "1-0"]
[WhiteElo "2468"]
[BlackElo "2375"]
[Annotator "TA"]
[PlyCount "131"]
[EventDate "2017.??.??"]
[EventType "team-tourn"]
[EventCountry "RUS"]
[SourceTitle "playchess.com"]
[Source "ChessBase"]
[SourceQuality "1"]
[WhiteTeam "GEO"]
[BlackTeam "IND"]
[WhiteTeamCountry "GEO"]
[BlackTeamCountry "IND"]

{[%evp 20,131,11,10,9,9,8,7,22,20,150,105,95,100,130,90,77,64,74,44,61,61,49,41,38,30,82,75,52,0,0,-79,-84,-89,-84,-216,-214,-209,-212,-216,-217,-225,-225,-215,-216,-268,-262,-270,-273,-272,-272,-265,-268,-262,-245,-254,-180,-189,-139,-140,-131,-159,-154,-149,-159,-141,-141,-141,-141,-285,-263,-255,-277,-391,-395,-500,-416,-459,-480,-534,-540,-434,-395,-1317,-1106,-941,-876,-5316,-749,-6070,-5536,-5438,-5501,-5401,-5401,-5102,-4132,-836,0,-815,-543,-517,-8,-8,29982,29982,29983,29984,29985,29986,29986,29987,29987,29988]} 1. d4 d5 2. Nf3 Nf6 3. c4 c6 4. Qc2 dxc4 5. Qxc4 Bg4 6. Nbd2 e6 {D23: Queen's Gambit Accepted: 3 Nf3 Nf6 sidelines} 7. g3 Nbd7 8. Bg2 Be7 9. O-O O-O 10. Qb3 Qb6 11. Nc4 {LiveBook: 48 Games} Qa6 12. Bd2 Nb6 13. Rfc1 Rfd8 14. e3 {[#]} Bf5 $146 (14... Nxc4 $11 15. Qxc4 Qb6) ({Predecessor:} 14... Nxc4 15. Rxc4 {0-1 (34) Xu,J (2526)-Lenderman,A (2626) Doha 2015}) 15. Ba5 Rd5 {And now ...Nxc4 would win.} 16. Bxb6 Rb5 17. Qd1 axb6 18. Nfe5 Be4 19. Bf1 {Threatens to win with Nd6!} Qa7 20. a4 Rd5 21. Qb3 Bd8 $1 22. Nd2 (22. Qc3 $5 {[%cal Rf2f3]}) 22... Ra5 (22... Bf5 $11) 23. Nxe4 $16 Nxe4 24. Bg2 (24. Bh3 $14 Rxa4 25. Nxf7 $1 {[%mdl 512]}) 24... Nf6 $11 {[%cal Ra5a4]} 25. Qd3 (25. Qc3 $11) 25... Rxa4 $17 26. Rxa4 Qxa4 27. Nxc6 (27. Bf3 $17 {keeps fighting.}) 27... bxc6 $19 28. Bxc6 Qa6 29. Qxa6 Rxa6 30. Bb7 Ra7 31. Rc8 Kf8 32. Rxd8+ {[%mdl 4096] Endgame KRB-KRN} Ke7 33. Rb8 Nd7 34. Rg8 Rxb7 35. Rxg7 {KRN-KR} Nf6 {White must now prevent ...h6.} 36. Rg5 Rc7 37. Rb5 Rc6 38. Kg2 Kd6 39. Kf3 Kc7 40. g4 Rc2 41. h4 Nd5 42. e4 Kc6 $1 {[%cal Rc6b5]} 43. Rb3 Nc7 44. h5 {[#]} (44. Kg2 $17) 44... Nb5 $1 {[%cal Rb5d4]} 45. Rb4 Nd6 46. g5 (46. Ra4 $142) 46... Rc4 47. Rxc4+ Nxc4 {KN-KP} 48. b3 Nd2+ 49. Kf4 Kd6 50. b4 Nc4 51. d5 $2 (51. Kf3) 51... b5 52. dxe6 Kxe6 53. h6 Ne5 (53... Na3 $142 54. e5 Nc4) 54. Kg3 Nc6 55. f4 Ke7 56. f5 Kf8 57. Kf4 Nxb4 58. Ke5 Na6 $2 (58... Nc6+ $19 59. Kd5 b4) 59. Kd5 $2 {[%mdl 8192]} (59. Kd6 $11 b4 60. e5) 59... Kg8 60. e5 {[#] Strongly threatening Kd6.} b4 $2 ({Better is} 60... Nb4+ $1 $19 61. Kd6 Nc2) 61. Kd6 $1 $11 Kf8 $2 {[%mdl 8192]} (61... b3 $11 62. e6 fxe6 63. fxe6 b2) 62. e6 {White mates.} Nc7 63. Kxc7 fxe6 64. g6 hxg6 65. h7 Kg7 66. fxe6 {Precision: White = 49%, Black = 62%.} 1-0

[Event "World Team-ch Women 2017"]
[Site "Khanty-Mansyisk"]
[Date "2017.06.17"]
[Round "1"]
[White "Zhukova, Natalia"]
[Black "Foisor, Sabina-Francesca"]
[Result "1/2-1/2"]
[WhiteElo "2449"]
[BlackElo "2331"]
[Annotator "TA"]
[PlyCount "91"]
[EventDate "2017.??.??"]
[EventType "team-tourn"]
[EventCountry "RUS"]
[SourceTitle "playchess.com"]
[Source "ChessBase"]
[SourceQuality "1"]
[WhiteTeam "UKR"]
[BlackTeam "USA"]
[WhiteTeamCountry "UKR"]
[BlackTeamCountry "USA"]

{[%evp 15,91,8,10,9,30,20,26,15,34,31,29,27,71,77,106,71,158,165,161,168,171,166,189,187,181,198,198,205,193,184,240,240,297,286,342,151,134,102,116,28,33,43,55,55,34,60,279,270,251,211,183,173,148,74,79,56,71,63,60,44,78,33,79,46,70,43,58,22,25,0,0,0,0,0,0,0,4,0]} 1. c4 e6 2. Nc3 d5 3. d4 Nf6 4. cxd5 exd5 5. Bg5 Be7 6. e3 Nbd7 7. Bd3 c6 8. Nge2 h6 9. Bh4 {D35: Queen's Gambit Declined: Exchange Variation} Nh5 10. Bxe7 Qxe7 11. Qd2 {White has an edge.} Nb6 12. f3 Bd7 13. O-O {[#]} g6 $146 ({Predecessor:} 13... O-O 14. g4 Nf6 15. Ng3 Ne8 16. Rae1 {1-0 (43) Mamedyarov,S (2766)-Adams,M (2751) Sharjah 2017}) 14. e4 Ng7 15. a4 $36 {[%cal Ba2a4,Ba4a5][%mdl 2080] Black is under strong pressure.} Rd8 ({Better is} 15... a5) 16. a5 $16 Nc4 17. Bxc4 dxc4 18. d5 Be6 19. Qd4 O-O 20. Qxc4 cxd5 21. exd5 Rc8 22. Qd4 Rfd8 (22... Rcd8 $142 23. Ng3 f5) 23. Ng3 $18 f5 24. Qe3 Qd6 25. Qxa7 (25. dxe6 $18 {has better winning chances.} f4 26. Qxa7 fxg3 27. hxg3) 25... Bxd5 $16 26. Rad1 Qc6 27. Nge2 ({But not} 27. Rxd5 $6 Rxd5 28. Nxd5 Qxd5 $14) (27. Rfe1 $16) 27... Bc4 $1 $11 28. Rfe1 {[%cal Bf1e1,Be1d1,Bd1d8][%mdl 32]} Rxd1 29. Rxd1 Bxe2 30. Nxe2 Qc5+ $2 {[#]} (30... Qb5 $1 $14 31. Rd2 Re8) 31. Qxc5 $18 Rxc5 {[%mdl 4096] Endgame KRN-KRN} 32. Rd8+ Kf7 33. Rd7+ Kf6 34. Rxb7 (34. Rd6+ $142 Kf7 35. b4) 34... Rxa5 $16 35. Nc3 Ne6 36. Rb6 g5 37. Kf2 Ra1 38. h4 Rh1 39. hxg5+ hxg5 40. Ne2 Rd1 41. b4 (41. f4 $5) 41... Ke5 42. g3 f4 {The position is equal.} 43. Rb5+ Kd6 44. Rb6+ Ke5 45. Rb5+ Kd6 $1 46. Rb6+ {Precision: White = 40%, Black = 43%.} 1/2-1/2

[Event "World Team-ch Women 2017"]
[Site "Khanty-Mansyisk"]
[Date "2017.06.17"]
[Round "1"]
[White "Javakhishvili, Lela"]
[Black "Karavade, Eesha"]
[Result "1/2-1/2"]
[WhiteElo "2447"]
[BlackElo "2388"]
[Annotator "TA"]
[PlyCount "96"]
[EventDate "2017.??.??"]
[EventType "team-tourn"]
[EventCountry "RUS"]
[SourceTitle "playchess.com"]
[Source "ChessBase"]
[SourceQuality "1"]
[WhiteTeam "GEO"]
[BlackTeam "IND"]
[WhiteTeamCountry "GEO"]
[BlackTeamCountry "IND"]

{[%evp 23,96,4,6,0,9,9,10,8,10,10,11,11,20,-19,4,-27,0,4,8,0,13,0,36,25,47,0,8,8,8,0,0,0,50,15,15,6,9,7,7,10,10,10,14,11,12,0,0,0,0,0,0,0,0,0,0,0,0,0,0,0,0,0,0,0,0,0,0,0,0,0,0,0,0,0,0]} 1. d4 d5 2. c4 c6 3. Nc3 Nf6 4. e3 e6 5. Nf3 Nbd7 6. Qc2 Bd6 7. b3 O-O 8. Be2 b6 9. O-O Bb7 10. Bb2 Qe7 11. Rad1 Rad8 12. Rfe1 Rfe8 13. Bf1 {D45: Semi-Slav: 5 e3} c5 (13... e5 14. dxe5 Nxe5 15. Nd4 dxc4 16. Nf5 Qe6 17. Nxd6 Rxd6 18. Rxd6 Qxd6 19. Rd1 cxb3 20. axb3 Qb8 {½-½ (30) Svidler,P (2755)-Gelfand,B (2724) Moscow 2017}) 14. cxd5 exd5 15. g3 Rc8 16. Bh3 cxd4 17. exd4 Ne4 {[#]} 18. Re3 $146 ({Predecessor:} 18. Qd3 Bb4 19. Rc1 f6 20. Qb5 Bxc3 21. Rxc3 Nxc3 22. Bxc3 {0-1 (36) Iturrizaga Bonelli,E (2605)-Yu,Y (2509) Puerto Madryn 2009}) 18... Bb4 (18... g6 {feels hotter.} 19. Qd3 f5 20. Bg2 Kg7 21. Nb5 Bb8) 19. Rc1 Bxc3 20. Bxc3 Rc7 21. Qd1 Rec8 {[%cal Rc7c3]} 22. Bb2 Rxc1 23. Bxc1 {Threatening Ne5!} Rc3 24. Kg2 {[#] aiming for Rxc3.} Rxe3 25. Bxe3 Nb8 26. Ne5 f6 27. Nd3 Nd7 {[%cal Bb8d7,Bd7f8,Bf8e6][%mdl 32]} 28. Qe1 (28. Bc1 {is interesting.} Nf8 29. f3 Nc3 30. Qd2 Nb5 31. Nf4) 28... Nf8 {The position is equal.} 29. Qb4 Qxb4 30. Nxb4 Kf7 31. f3 Nd6 32. Kf2 Ke7 33. a4 Ne6 34. Ke2 a5 35. Na2 (35. Nc2 {is more complex.} Ba6+ 36. Kd2 f5 37. Ne1 g6 38. Ng2) 35... b5 36. axb5 Nxb5 37. Bxe6 Kxe6 $11 {[%mdl 4096] Endgame KBN-KBN} 38. Kd2 Ba6 39. Nc1 Na7 40. Nd3 Bxd3 41. Kxd3 {KB-KN} Nc6 42. h4 h5 43. g4 g6 44. Bf4 Kd7 45. Bh6 Ke6 46. Bf4 Kd7 47. Bh6 Ke7 48. Be3 Ke6 {Precision: White = 56%, Black = 82%.} 1/2-1/2

[Event "World Team-ch Women 2017"]
[Site "Khanty-Mansyisk"]
[Date "2017.06.17"]
[Round "1"]
[White "Zatonskih, Anna"]
[Black "Ushenina, Anna"]
[Result "1/2-1/2"]
[WhiteElo "2419"]
[BlackElo "2458"]
[Annotator "TA"]
[PlyCount "139"]
[EventDate "2017.??.??"]
[EventType "team-tourn"]
[EventCountry "RUS"]
[SourceTitle "playchess.com"]
[Source "ChessBase"]
[SourceQuality "1"]
[WhiteTeam "USA"]
[BlackTeam "UKR"]
[WhiteTeamCountry "USA"]
[BlackTeamCountry "UKR"]

{[%evp 25,139,36,19,25,52,55,67,60,58,10,60,68,87,84,85,69,83,62,93,79,72,70,70,70,68,77,78,77,93,52,77,68,81,85,81,77,81,79,83,83,82,83,72,80,80,68,77,77,90,90,89,86,90,90,90,90,90,90,90,90,96,91,96,91,96,104,110,84,84,84,108,84,107,107,107,107,107,75,75,75,75,75,75,75,75,75,75,0,75,74,75,75,75,0,75,75,75,75,84,75,84,75,75,75,84,84,84,84,84,84,84,84,84,84,84,84]} 1. Nf3 d5 2. d4 Nf6 3. c4 c6 4. cxd5 cxd5 5. Nc3 Nc6 6. Bf4 Bf5 7. e3 e6 8. Qb3 Bb4 9. Ne5 {D14: Slav Defence: Exchange variation with ...Bf5} Qb6 10. Nxc6 bxc6 11. Be2 Ne4 12. f3 Nxc3 13. bxc3 Be7 {LiveBook: 18 Games} 14. c4 {[#]} dxc4 $146 ({Predecessor:} 14... Qxb3 15. axb3 Bb4+ 16. Kf2 a5 {1-0 (41) Gajewski,G (2634)-Fressinet,L (2668) Chartres 2017}) 15. Bxc4 O-O 16. O-O Bg6 17. Rfd1 Rfe8 18. Rac1 Bf6 19. Bf1 Rac8 20. Bd6 h6 21. Qa3 a5 22. Qc5 Qb2 23. Qxa5 Ra8 24. Qd2 Rxa2 25. Qxb2 Rxb2 26. Rxc6 Rd8 27. Rdc1 Kh7 28. Bf4 Ra8 29. Ra6 Re8 30. Rca1 e5 31. Bxe5 Bxe5 32. dxe5 Rxe5 33. e4 f5 34. exf5 Bxf5 35. R6a2 Rb3 36. Rd1 Rb1 37. Rxb1 Bxb1 $16 {[%mdl 4096] Endgame KRB-KRB} 38. Rb2 Bg6 39. Kf2 h5 40. h4 Rc5 41. Rb4 Rc2+ 42. Kg3 Rc5 43. Rd4 Rc3 44. Bc4 Ra3 45. Kf4 Kh6 46. g4 hxg4 47. fxg4 {[%cal Bf3g4,Bg4g5][%mdl 32]} Ra5 48. Bd5 Bc2 49. g5+ Kh5 {[#]} 50. Kg3 $1 Kg6 51. Bf3 Kh7 52. Rd2 Bb1 53. Rd6 (53. Rb2 $5 {[%cal Rb2b1]} Bg6 54. Rb3 $16) 53... g6 54. Rd7+ Kh8 55. Rd8+ Kg7 56. Rd7+ Kh8 $1 57. Rc7 Kg8 58. Rc8+ Kg7 59. Rc7+ ({White should play} 59. Ra8 $16 Rc5 60. Ra4) 59... Kh8 (59... Kg8 $11 {keeps the balance.}) 60. Rc4 {White is better.} Kg7 61. Rd4 Ra7 62. Bg4 Bc2 63. Bd7 Ra3+ 64. Kf4 Rd3 65. Rxd3 Bxd3 66. Bc6 Bc2 67. Be4 Bb3 68. Ke5 Bd1 69. Bd5 Bc2 70. Bc4 {Precision: White = 62%, Black = 61%.} 1/2-1/2

[Event "World Team-ch Women 2017"]
[Site "Khanty-Mansyisk"]
[Date "2017.06.17"]
[Round "1"]
[White "Kulon, Klaudia"]
[Black "Mammadova, Gulnar"]
[Result "1-0"]
[WhiteElo "2381"]
[BlackElo "2362"]
[Annotator "TA"]
[PlyCount "115"]
[EventDate "2017.??.??"]
[EventType "team-tourn"]
[EventCountry "RUS"]
[SourceTitle "playchess.com"]
[Source "ChessBase"]
[SourceQuality "1"]
[WhiteTeam "POL"]
[BlackTeam "AZE"]
[WhiteTeamCountry "POL"]
[BlackTeamCountry "AZE"]

{[%evp 21,115,18,28,29,30,20,43,59,51,42,75,40,95,96,85,78,66,66,124,84,97,97,91,58,133,133,135,120,129,127,122,108,101,106,118,91,99,90,151,141,808,808,797,802,1120,1116,1091,783,783,783,783,783,751,742,659,565,922,929,1044,1022,1031,1013,1013,956,959,937,1077,616,652,641,638,556,622,622,620,597,673,688,663,466,829,814,873,847,867,861,837,814,883,872,982,982,1061,1039,1252,984]} 1. c4 e5 2. g3 Nc6 3. Bg2 g6 4. Nc3 Bg7 5. e3 f5 6. Nge2 Nf6 7. O-O O-O 8. d3 d6 9. Rb1 a5 10. a3 Be6 11. Nd5 Qd7 12. b4 {A25: English Opening vs King's Indian with ...Nc6 but without early d3} (12. Nec3 g5 13. d4 Ne8 14. b4 axb4 15. axb4 exd4 16. exd4 f4 17. Ne4 Bg4 18. f3 Bf5 19. Bb2 Ra2 20. Nxg5 Rxb2 21. Rxb2 Bxd4+ {½-½ (34) Gabuzyan,H (2589)-Duda,J (2632) Martuni 2015}) 12... axb4 13. axb4 Qf7 {[%cal Rf6d5]} 14. b5 {White is slightly better.} Na5 $146 {[%cal Rf6d5]} ({Predecessor:} 14... Nd8 15. Qb3 e4 16. dxe4 Nxe4 17. Nef4 g5 18. Nxe6 Nxe6 19. Rd1 N6c5 {1-0 (38) Hanken,J (2180)-Rogalski,T Alexandria 1996}) 15. Nec3 e4 16. dxe4 Nxc4 ({Black should play} 16... fxe4 $14 17. Nxf6+ Bxf6 18. Nxe4 Be7) 17. Nf4 Bd7 18. exf5 Bxf5 19. Rb4 $1 Rab8 (19... Ne5 $14) 20. h3 {[%cal Bh2h3,Bh3h4][%mdl 32] g4 is the strong threat.} Nb6 21. Bb2 g5 22. Nfe2 g4 (22... Bd7 $14) 23. h4 $16 Nc4 24. Ba1 Ne5 25. Rf4 Qd7 26. Nd5 Nh5 27. Rb4 c5 28. bxc6 bxc6 29. Nb6 Qc7 {[#]} (29... Qa7 $142) 30. Nd4 $1 Bd7 $2 {[%mdl 8192]} (30... Nf3+ $16 31. Bxf3 (31. Nxf3 Bxa1 32. Qb3+ Kh8 $16) 31... gxf3) 31. Nxd7 $18 {White is clearly winning.} Rxb4 32. Nxf8 Bxf8 {[#]} 33. Nxc6 $1 {[%mdl 512]} Rb5 (33... Nxc6 34. Bd5+) 34. Nxe5 dxe5 35. Qxg4+ Ng7 36. h5 h6 37. Be4 {[%cal Bg2e4,Be4g6,Bg6d3][%mdl 32]} Qf7 38. Bg6 Qc7 39. Bd3 Rc5 40. Qg6 Qd6 41. Qh7+ Kf7 42. Bg6+ Ke7 43. Qxh6 Qf6 44. Rd1 Ne6 45. Qh7+ Qg7 46. Bb2 Ra5 47. Kg2 Qxh7 48. Bxh7 Bg7 49. Bc3 Rb5 50. Bf5 Nf8 (50... e4 $142 51. Bxg7 Nxg7 52. Rd7+ Kf6 53. Bxe4 Nxh5) 51. g4 Bh6 52. Bd3 Rd5 53. e4 Rd8 54. Bxe5 Ne6 55. Be2 Rg8 56. Kg3 Ra8 57. f4 Ra4 58. Bf3 {Precision: White = 84%, Black = 34%.} 1-0

[Event "World Team-ch Women 2017"]
[Site "Khanty-Mansyisk"]
[Date "2017.06.17"]
[Round "1"]
[White "Vo, Thi Kim Phung"]
[Black "Moaataz, Ayah"]
[Result "1-0"]
[WhiteElo "2378"]
[BlackElo "2020"]
[Annotator "TA"]
[PlyCount "97"]
[EventDate "2017.??.??"]
[EventType "team-tourn"]
[EventCountry "RUS"]
[SourceTitle "playchess.com"]
[Source "ChessBase"]
[SourceQuality "1"]
[WhiteTeam "VIE"]
[BlackTeam "EGY"]
[WhiteTeamCountry "VIE"]
[BlackTeamCountry "EGY"]

{[%evp 21,97,62,95,75,141,148,155,131,109,114,118,107,133,128,144,143,253,238,293,290,558,555,726,729,664,529,479,259,259,262,255,247,233,229,310,304,308,306,306,287,287,287,262,272,287,283,264,278,240,223,364,222,225,181,212,226,583,585,740,735,795,766,743,743,700,647,621,612,604,585,1318,746,5498,5221,29975,29975,29967,29967]} 1. d4 d5 2. c4 e6 3. Nf3 Nf6 4. e3 Be7 5. Nc3 c6 6. Bd3 dxc4 7. Bxc4 Nbd7 8. O-O Nb6 9. Bd3 c5 10. dxc5 Bxc5 11. a3 O-O 12. e4 {[%cal Be3e4,Be4e5][%mdl 32] e5 is the strong threat. D47: Semi-Slav: Meran System} (12. b4 Bd6 13. Bb2 Nbd5 14. Nxd5 Nxd5 15. Be4 Be7 16. Qc2 f5 17. Bxd5 exd5 18. Rfd1 Be6 19. Qb3 Bf6 {1-0 (27) Chumakov,A (2027)-Shilov,B (2003) Perm 2007}) 12... g6 $146 (12... e5 $142) ({Predecessor:} 12... Qc7 13. e5 Ne8 14. Bxh7+ Kh8 15. Bc2 f5 16. Ng5 g6 17. b4 Bxf2+ 18. Rxf2 Qxc3 19. Rb1 Qc6 20. Rb3 Kg7 21. Rh3 Rh8 22. Qd3 Rg8 23. Rh7+ Kf8 24. Rf7# {1-0 (24) Baron Rodriguez,J-Garcia,S Los Barrios 1995}) 13. e5 Nh5 14. Ne4 {White is clearly better.} Be7 15. Bh6 Ng7 16. Qe2 Nd5 17. Rfd1 $36 {[%mdl 2048] White has strong initiative.} Qb6 18. Bc4 Rd8 (18... Bd7 $16 {might work better.} 19. Bxd5 exd5) 19. Bg5 $18 Bxg5 20. Nfxg5 {[#] Black must now prevent Bxd5.} ({Less strong is} 20. Nexg5 Bd7 $16) 20... h6 $2 (20... Nf5 {is a better defense.} 21. Bxd5 exd5) 21. Bxd5 {aiming for Nf6+.} hxg5 22. Nf6+ Kf8 23. Bf3 Ne8 24. Rxd8 (24. Nh7+ $142 Kg8 25. Nxg5) 24... Qxd8 25. Rd1 Qe7 26. Nxe8 Kxe8 27. Qb5+ Bd7 28. Qxb7 Rc8 29. Qxa7 Bb5 30. Qd4 Qc5 31. h3 Qxd4 32. Rxd4 {[%mdl 4096] Endgame KRB-KRB} Rc5 33. a4 Bd7 34. b4 {[%cal Bb2b4,Bb4b5,Bb5b6][%mdl 32]} Rxe5 35. b5 Re1+ 36. Kh2 {Hoping for b6.} Rb1 37. Rd6 Ke7 38. Ra6 {Threatens to win with b6.} Rb4 $2 (38... Kd8 {is a better chance.} 39. b6 Bc8) 39. b6 Kd6 40. a5 f5 41. Ra8 g4 42. hxg4 fxg4 {[#]} 43. Bxg4 $1 {[%mdl 512]} Bc6 (43... Rxg4 44. b7) 44. Rd8+ Ke7 45. Rc8 Bd7 46. Rh8 Bc6 47. Bf3 Bxf3 48. gxf3 Kd6 49. a6 {Precision: White = 72%, Black = 41%.} 1-0

[Event "World Team-ch Women 2017"]
[Site "Khanty-Mansyisk"]
[Date "2017.06.17"]
[Round "1"]
[White "Padmini, Rout"]
[Black "Khotenashvili, Bela"]
[Result "1/2-1/2"]
[WhiteElo "2375"]
[BlackElo "2452"]
[Annotator "TA"]
[PlyCount "104"]
[EventDate "2017.??.??"]
[EventType "team-tourn"]
[EventCountry "RUS"]
[SourceTitle "playchess.com"]
[Source "ChessBase"]
[SourceQuality "1"]
[WhiteTeam "IND"]
[BlackTeam "GEO"]
[WhiteTeamCountry "IND"]
[BlackTeamCountry "GEO"]

{[%evp 9,104,18,21,14,25,21,24,20,20,20,20,20,32,36,50,54,54,48,75,53,81,43,58,43,43,43,60,34,63,31,65,15,19,18,14,-8,-8,-8,-1,-19,0,-20,-4,-14,-6,-91,-101,-75,-89,-83,-69,-61,0,0,0,0,27,14,12,12,12,19,29,29,36,37,37,6,10,0,8,0,0,0,0,0,0,0,0,-29,0,0,0,0,0,0,0,0,0,0,0,0,0,0,0,0,0]} 1. e4 {[%cal Be2e4,Be4e5][%mdl 32]} c6 2. d4 d5 3. e5 c5 4. Nf3 cxd4 5. Nxd4 e6 6. Nd2 {B12: Caro-Kann: Advance Variation} (6. c4 Bb4+ 7. Nc3 Ne7 8. Be2 Nbc6 9. Nxc6 Nxc6 10. O-O d4 11. Ne4 Nxe5 12. Bf4 Nc6 13. c5 {1-0 (45) Ragger,M (2697)-Van Foreest,J (2612) Wijk aan Zee 2017}) 6... Nc6 7. N2f3 Nge7 8. c3 {White has an edge.} Ng6 9. Nxc6 bxc6 10. Bd3 Be7 $146 ({Predecessor:} 10... Qc7 11. Qe2 f6 12. exf6 gxf6 13. Nd4 {0-1 (23) Bronstein,D-Petrosian,T Leningrad 1960}) 11. Qa4 Qc7 12. O-O $1 a5 13. Re1 $1 Bd7 14. Qg4 Qd8 15. a4 Rb8 16. Rb1 c5 17. b3 Bc6 18. Bc2 Rb7 19. Bd2 Rd7 20. Rbd1 d4 21. cxd4 cxd4 22. Be4 Bxe4 23. Qxe4 O-O 24. g3 Bc5 25. h4 h6 26. Qg4 Kh7 27. Qh5 (27. Bc1 $11 {keeps the balance.}) 27... Qb6 $17 28. Ng5+ Kg8 29. Ne4 Be7 30. Bxh6 gxh6 ({Better is} 30... Rd5 $1 $15 31. Qg4 gxh6) 31. Qxh6 $11 {[#] Threatening mate with Nf6+.} Qd8 32. f4 Re8 33. h5 Bf8 34. Qg5 Qxg5 $1 35. fxg5 Bg7 36. hxg6 Bxe5 37. Nc5 Rd5 38. gxf7+ (38. Rxe5 $5 Rxe5 39. Nd7 $14) 38... Kxf7 39. Ne4 d3 40. Kg2 Rb8 41. Nf2 Rxb3 {[#] ...d2 is the strong threat.} 42. Nxd3 Bb8 43. Re3 Kg7 44. g6 Rg5 45. Rde1 {The position is equal.} Bxg3 46. Rxg3 Rxg3+ 47. Kxg3 {Hoping for Re3.} Rxd3+ {KR-KR} 48. Kf4 Rd4+ 49. Ke5 Rxa4 50. Rg1 Rb4 {White must now prevent ...Rb6.} 51. Kxe6 Rb6+ 52. Kd5 Rxg6 {Precision: White = 67%, Black = 51%.} 1/2-1/2

[Event "World Team-ch Women 2017"]
[Site "Khanty-Mansyisk"]
[Date "2017.06.17"]
[Round "1"]
[White "Mammadzada, Gunay"]
[Black "Szczepkowska, Karina"]
[Result "1/2-1/2"]
[WhiteElo "2368"]
[BlackElo "2414"]
[Annotator "TA"]
[PlyCount "105"]
[EventDate "2017.??.??"]
[EventType "team-tourn"]
[EventCountry "RUS"]
[SourceTitle "playchess.com"]
[Source "ChessBase"]
[SourceQuality "1"]
[WhiteTeam "AZE"]
[BlackTeam "POL"]
[WhiteTeamCountry "AZE"]
[BlackTeamCountry "POL"]

{[%evp 31,105,7,17,2,15,32,22,31,18,0,0,0,0,0,0,0,0,0,-2,-7,0,-39,-32,-33,-20,-22,-17,-77,-69,-72,-75,-125,-70,-196,0,0,0,0,0,0,0,0,0,0,0,0,0,0,0,0,7,0,0,0,0,0,0,0,88,74,72,81,81,62,61,87,68,61,70,0,70,0,33,0,0,0]} 1. e4 e5 2. Nf3 Nc6 3. Bb5 {[%cal Bf1b5,Bb5a4,Ba4b3][%mdl 32]} a6 4. Ba4 Nf6 5. O-O Be7 6. Re1 b5 7. Bb3 d6 8. c3 O-O 9. d4 Bg4 10. Be3 exd4 11. cxd4 Na5 12. Bc2 c5 13. h3 Bh5 {C91: Closed Ruy Lopez: 7...d6 8 c3 0-0 9 d4} 14. g4 (14. Nbd2 cxd4 15. Bxd4 Nc6 16. Bc3 Rc8 17. a3 Nd7 18. Nf1 Bf6 19. Ng3 Bxf3 20. Qxf3 Nd4 21. Qd1 Nxc2 22. Qxc2 Bxc3 23. bxc3 Qf6 24. Qd2 Ne5 25. Red1 Nc4 26. Qd4 Qxd4 27. Rxd4 g6 {½-½ (27) Nguyen,N (2634)-Tomashevsky,E (2758) Baku 2015}) 14... Bg6 15. Nbd2 Rc8 16. d5 Nd7 {LiveBook: 3 Games} 17. Nh2 Bf6 $146 ({Predecessor:} 17... Nb6 18. f4 h6 19. b3 Bf6 20. Rc1 c4 21. Ndf3 cxb3 22. axb3 {½-½ (38) Mammadzada,G (2341)-Mohannad,F (2253) Al Ain 2015}) 18. f4 h6 19. Rb1 Re8 20. Nhf3 c4 21. f5 Bh7 22. Nf1 Nb7 23. Ng3 Nbc5 24. Kg2 Ne5 25. Nxe5 Bxe5 26. Nh5 b4 27. b3 cxb3 28. axb3 a5 29. Re2 {[#]} (29. Qf3 $11 {keeps the balance.}) 29... a4 $1 {[%mdl 512]} 30. bxa4 {[#]} b3 $1 {[%mdl 512]} 31. Bxb3 Nxe4 (31... g6 $17 32. Nf4 Nxe4 33. fxg6 Bxg6 34. Nxg6 Nc3) 32. Bd2 (32. Bb6 $1 $15 Qxb6 33. Rxe4) 32... Nc3 $2 (32... Nxd2 $19 33. Qxd2 g6) 33. Bxc3 $1 $11 Rxc3 34. Rc1 Rxc1 35. Qxc1 g6 36. fxg6 ({Avoid the trap} 36. Qxh6 $2 gxh5 37. f6 Bxf6 $19) 36... fxg6 37. Ng3 Bxg3 38. Rxe8+ Qxe8 39. Kxg3 Qe5+ 40. Kf3 g5 41. Qe3 {Black must now prevent Qxe5.} Qh2 42. a5 Qxh3+ 43. Kf2 Qh2+ 44. Ke1 {Strongly threatening a6.} Qh1+ (44... Qb2 $1 $11) 45. Kd2 $16 {Threatens to win with Qe8+.} Qa1 46. Qe8+ Kg7 47. Qd7+ Kg8 {Hoping for ...Qd4+.} 48. Qc8+ Kf7 49. Qc7+ Kg8 50. Qc8+ Kf7 51. Qc7+ (51. Qc3 $5 {[%cal Rc3a1]} Qf1 52. Qe3 $16 (52. Qc7+ Kg8 $14)) 51... Kg8 52. Qb8+ Kf7 53. Qc7+ {Precision: White = 61%, Black = 85%.} 1/2-1/2